000 00186 a2200097 4500
020 _a9781456553210
041 _aeng
100 _aBurnett Timar, Eric
245 _aTooth man
942 _cBK
999 _c31361
_d31359